[Event "11th Chennai Open-GM 2019"]
[Site "Chennai"]
[Date "2019.01.18"]
[Round "1"]
[White "Pantsulaia, Levan"]
[Black "Adireddy Tarun"]
[Result "1-0"]
[WhiteElo "2597"]
[BlackElo "1661"]
[Annotator "TA"]
[PlyCount "81"]
[EventDate "2019.01.18"]
[EventType "swiss"]
[EventCountry "IND"]
[SourceTitle "playchess.com"]
[Source "ChessBase"]
[SourceQuality "1"]

{[%evp 12,80,72,66,72,60,69,69,59,62,103,106,120,117,219,160,235,187,239,240,337,343,495,511,520,510,514,502,775,330,310,220,1142,493,495,488,480,447,390,384,579,516,796,764,748,748,762,767,1245,1239,1210,1195,2317,2253,29986,29987,29987,29988,29987,29988,29991,29992,29993,29994,29996,29996,29997,29998,29998,29999,29999]} 1. c4 e5 2. Nc3 Nf6 3. Nf3 Nc6 4. e4 Bc5 {[#]} 5. Nxe5 $1 {[%mdl 576] Remove Defender} Nxe5 6. d4 Bxd4 7. Qxd4 d6 {A28: English Opening: Four Knights Variation} 8. Bg5 $146 (8. Be2 O-O 9. O-O h6 10. f3 a6 11. Be3 Be6 12. Rfd1 Re8 13. b3 Nfd7 14. f4 Nc6 15. Qd2 {1-0 (62) Panjwani,R (2444)-Obregon,C (2514) chess.com INT 2018}) 8... h6 9. Bh4 Nc6 {White is slightly better.} 10. Qd3 g5 11. Bg3 Qe7 12. h4 {aiming for hxg5.} Bf5 (12... g4 $16) 13. f3 {Black must now prevent hxg5.} O-O-O (13... Bh7 $16 14. hxg5 hxg5) 14. Nd5 $18 Nxd5 (14... Qe6 $142) 15. cxd5 ({Inferior is} 15. Qxd5 Be6 $11) 15... Ne5 (15... Nb8 $142 16. Qd4 Rhg8) 16. Qe3 Bg6 (16... Nd7 $142 17. Bf2 Bxe4 18. fxe4 Nc5) 17. Qxa7 {Strongly threatening Bb5.} Nd7 18. Bb5 Nb8 19. Bf2 Qe5 (19... Bxe4 $142 20. Qe3 {[%mdl 64] Pin} f5) 20. Bd4 (20. O-O $142) 20... Qg3+ 21. Kf1 Bh5 $2 (21... g4) 22. Bxh8 (22. Rh3 $142 Qxh3 23. gxh3) 22... Rxh8 23. Qf2 Qe5 24. hxg5 hxg5 25. Rc1 c5 (25... Bxf3 {is a better defense.} 26. Rxh8+ Qxh8 27. Qxf3 Qh1+ 28. Kf2 Qxc1) 26. Kg1 Nd7 (26... g4 $142 27. fxg4 Bxg4 28. Rxh8+ Qxh8) 27. Bxd7+ Kxd7 28. b4 b6 29. a4 Bg6 30. Rxh8 Qxh8 {[%mdl 4096] Endgame KQR-KQB} 31. a5 {[%mdl 64] [#] Overworked Piece} bxa5 32. bxc5 Qc8 33. c6+ {White mates.} Ke7 34. Qa7+ Kf6 35. Qb7 Qxb7 36. cxb7 {KR-KB} a4 37. b8=Q Ke5 38. Qb2+ Kf4 39. Kf2 {[%csl Gf2][%cal Rg2g3]} g4 40. Qf6+ {[%mdl 64] Double Attack} Bf5 41. g3# {Accuracy: White = 73%, Black = 20%.} 1-0

[Event "11th Chennai Open-GM 2019"]
[Site "Chennai"]
[Date "2019.01.18"]
[Round "1"]
[White "Popov, Ivan"]
[Black "Adarsh Tripathi"]
[Result "1-0"]
[WhiteElo "2588"]
[BlackElo "1656"]
[Annotator "TA"]
[PlyCount "125"]
[EventDate "2019.01.18"]
[EventType "swiss"]
[EventCountry "IND"]
[SourceTitle "playchess.com"]
[Source "ChessBase"]
[SourceQuality "1"]

{[%evp 36,125,88,105,108,67,100,97,100,75,95,69,77,48,61,33,43,32,18,21,35,35,13,0,0,0,0,0,0,0,0,0,0,23,264,240,231,219,204,204,433,425,535,529,516,489,453,489,457,456,443,414,359,76,672,657,588,587,29966,29969,29987,6612,29966,29970,29963,29968,29966,29966,29957,29941,6295,5281,2478,2376,1533,1689,29974,29975,29975,29975,29973,29977,29980,29981,29981,29982,29982,29983,29983,29983,29989,29990]} 1. e4 c5 2. Nf3 d6 3. d4 cxd4 4. Nxd4 Nf6 5. Nc3 g6 6. Be3 Bg7 7. f3 Nc6 8. Qd2 O-O 9. O-O-O d5 10. exd5 Nxd5 11. Nxc6 bxc6 12. Bd4 e5 13. Bc5 Be6 14. Ne4 Re8 15. h4 h6 16. h5 {B76: Sicilian Dragon: Yugoslav Attack, 9 g4 and 9 0-0-0} (16. g4 f5 17. gxf5 gxf5 18. Nd6 Rf8 19. Ba6 Qf6 20. Rdg1 Kh7 21. h5 Nf4 22. Nc4 Rfd8 23. Qe1 Bh8 24. Bb4 {0-1 (39) Piorun,K (2681)-Cubas,J (2470) Baku 2016}) 16... g5 17. g4 Qc7 18. Bc4 Red8 19. Qf2 {LiveBook: 7 Games} Qa5 20. Bb3 $146 ({Predecessor:} 20. Qe1 Qc7 21. Bb3 a5 {0-1 (67) Travkina,A (2204)-Rodionova,P (2007) Pushchino 2012}) 20... Rab8 21. Kb1 (21. Bxa7 Rxb3 22. cxb3 Qxa2 $17) 21... Nf4 22. Be7 Bxb3 23. axb3 Rd5 24. b4 Qa6 25. Bc5 Rbd8 26. Nc3 Rxd1+ 27. Rxd1 Rxd1+ 28. Nxd1 Nd5 29. Ne3 Nxe3 30. Qxe3 Qf1+ 31. Ka2 Qc4+ 32. Ka3 Qxc2 33. Qe4 Qc1 34. Qxc6 a5 $2 (34... a6 $11 {and Black has nothing to worry.}) 35. Qe8+ ({Weaker is} 35. bxa5 Bf8 $16) 35... Kh7 36. Qxf7 {Threatens to win with Bf8.} Qa1+ {[#]} 37. Qa2 $1 {[%cal Ra2a1]} ({Don't do} 37. Kb3 $6 Qd1+ 38. Ka3 axb4+ 39. Bxb4 Qa1+ 40. Kb3 Qd1+ 41. Ka2 Qa4+ 42. Ba3 Qa8 $16) 37... Qc1 $2 {[#]} (37... axb4+ 38. Bxb4 Qd1) 38. Qd5 $1 $18 Qa1+ 39. Kb3 axb4 40. Bxb4 Qa7 41. Bc3 Qb6+ 42. Kc2 Qf2+ 43. Kd3 Qf1+ 44. Ke4 $2 (44. Kd2 $18 {has better winning chances.}) 44... Qb1+ $2 {[%mdl 8192]} (44... Qe2+ $16 45. Kf5 Qa6) 45. Qd3 Qa2 46. Bxe5 Qa1 47. Ke3+ Kg8 48. Bxg7 (48. Qc4+ $142 Kh7 49. Qc2+ Kg8 50. Qc8+ Kf7 51. Qd7+ Kf8 52. Qxg7+ {[%mdl 64] Double Attack} Ke8 53. Qg6+ Kd7 54. Qd6+ Ke8 55. Qc6+ Ke7 56. Bd6+ Kf7 57. Qd7+ Kg8 58. Qe8+ Kh7 59. Qg6+ Kh8 60. Be5#) 48... Kxg7 {[%mdl 4096] Endgame KQ-KQ} 49. Qg6+ Kf8 50. Qxh6+ Kf7 51. Qg6+ Kf8 52. Qf6+ Ke8 53. Qe5+ Kf8 54. Kf2 Qc1 55. h6 Qd2+ 56. Kg3 {White mates.} Qc1 57. Qb8+ Kf7 58. Qa7+ Kf8 59. h7 {[%cal Rh7h8]} Qe1+ 60. Qf2 Qh1 61. Qc5+ {[%mdl 64] Double Attack} Kf7 62. Qf5+ Ke8 {[#]} 63. h8=Q+ $1 {Accuracy: White = 65%, Black = 46%.} 1-0

[Event "11th Chennai Open-GM 2019"]
[Site "Chennai"]
[Date "2019.01.18"]
[Round "1"]
[White "Aleksandrov, Aleksej"]
[Black "Aakash G"]
[Result "1-0"]
[WhiteElo "2582"]
[BlackElo "1636"]
[Annotator "TA"]
[PlyCount "65"]
[EventDate "2019.01.18"]
[EventType "swiss"]
[EventCountry "IND"]
[SourceTitle "playchess.com"]
[Source "ChessBase"]
[SourceQuality "1"]

{[%evp 19,64,8,33,-36,31,0,0,0,0,0,0,4,27,18,69,57,106,35,29,29,180,201,239,247,935,285,931,926,897,908,1474,1442,1427,1390,29975,29970,29988,29989,29994,29995,29995,29996,29997,29998,29998,29999,29999]} 1. d4 d5 2. c4 c6 3. Nc3 Nf6 4. e3 e6 5. Nf3 Nbd7 6. Bd3 dxc4 7. Bxc4 b5 8. Be2 Bb7 9. O-O Be7 10. a3 O-O {LiveBook: 3 Games. D45: Semi-Slav: 5 e3} (10... a5 11. b3 O-O 12. Bb2 b4 13. axb4 axb4 14. Na4 c5 15. Nd2 Rc8 16. Bf3 Ba6 17. Re1 cxd4 18. Bxd4 e5 {½-½ (67) Lysyj,I (2691)-Frolyanov,D (2572) Sochi 2015}) 11. b4 ({White should play} 11. e4 $14) 11... Nb6 $146 (11... a5 $15 12. Rb1 axb4 13. axb4 Nd5 14. Nxd5 exd5) ({Predecessor:} 11... a5 12. Rb1 axb4 13. axb4 Nb6 14. Ne5 Nfd5 15. Bd2 Nxb4 16. Nxb5 N4d5 {½-½ (33) Martin Catalan,J (2107)-Barros Gutierrez,A (2185) Spain 2010}) 12. e4 a5 {The position is equal.} 13. Rb1 axb4 14. axb4 Na4 15. Nxa4 Rxa4 16. Bd3 $1 h6 ({Much less strong is} 16... Rxb4 17. Rxb4 Bxb4 18. Be3 $15) (16... Qd7 $11) 17. Qe2 $14 Rxb4 {[#]} 18. Rxb4 (18. e5 $1 $16 {[%cal Re5f6]} Nd5 19. Qe4) 18... Bxb4 19. e5 Nd5 $2 (19... Nd7 $1 $11 {and Black stays safe.}) 20. Qe4 $18 {[%csl Gd3][%cal Re4h7]} f5 21. exf6 $1 $40 {[%mdl 128] White goes for the king.} Qxf6 $2 {[#]} (21... Nxf6 22. Qxe6+ Rf7) 22. Qh7+ $1 Kf7 {[#]} 23. Bg6+ $1 {[%mdl 512]} Ke7 (23... Qxg6 24. Ne5+) 24. Bxh6 Qxg6 25. Qxg6 gxh6 26. Ne5 {White threatens Qg7+ and mate.} Kd6 27. Qg7 {[%csl Ge5][%cal Rg7d7][%mdl 64] Double Attack. White mates.} Rd8 28. Qxb7 {[%cal Re5f7]} Nc7 29. Qxc6+ Ke7 30. Qxc7+ Kf6 31. Qf7+ Kg5 32. Nf3+ Kg4 33. h3# {Accuracy: White = 69%, Black = 25%.} 1-0

[Event "11th Chennai Open-GM 2019"]
[Site "Chennai"]
[Date "2019.01.18"]
[Round "1"]
[White "Deepan Chakkravarthy J."]
[Black "Niharika Ch"]
[Result "1-0"]
[WhiteElo "2543"]
[BlackElo "1631"]
[Annotator "TA"]
[PlyCount "61"]
[EventDate "2019.01.18"]
[EventType "swiss"]
[EventCountry "IND"]
[SourceTitle "playchess.com"]
[Source "ChessBase"]
[SourceQuality "1"]

{[%evp 16,61,39,22,60,45,90,39,41,33,37,30,26,40,61,43,72,70,75,79,85,81,111,75,185,176,176,150,186,185,231,219,302,154,187,167,181,190,175,164,181,167,208,172,849,856,860,888]} 1. Nf3 c5 2. g3 Nf6 3. Bg2 g6 4. O-O Bg7 5. c4 O-O 6. Nc3 d6 7. d4 Na6 8. h3 Bd7 9. b3 {LiveBook: 15 Games} Nc7 {E65: King's Indian: Fianchetto: 6...c5 7 0-0 without d5 by White} (9... Qc8 10. Kh2 Bc6 11. Bb2 cxd4 12. Nxd4 Bxg2 13. Kxg2 Nc5 14. Qc2 b6 15. e4 Qb7 16. f3 Rac8 17. Rad1 {1-0 (30) Edouard,R (2613)-Lopez Rivera,J (2351) Roquetas de Mar 2017}) 10. Bb2 Rb8 11. Rc1 $146 (11. dxc5 $16 dxc5 12. Ne5) ({Predecessor:} 11. Qd2 Qc8 12. Kh2 b5 13. dxc5 dxc5 14. Ne5 bxc4 15. Nxc4 Rd8 16. Qc2 Ne6 17. e3 Bc6 18. Bxc6 Qxc6 {1-0 (44) Truta,S (2173)-Bartakovic,T (2124) Sibenik 2015}) 11... cxd4 $14 {White is slightly better.} 12. Nxd4 a6 13. b4 Ne6 14. Nb3 Bh6 15. e3 Ng5 16. g4 Bg7 17. f4 Ne6 18. Qd2 Nc7 19. Rfd1 b6 {[#]} (19... Bc6 $16 {keeps fighting.}) 20. e4 $1 $18 Be6 21. Nd5 Bxd5 22. cxd5 Nfe8 23. Nd4 Qd7 24. Rc6 ({Better is} 24. e5 $18) 24... e5 25. Nf3 {[%cal Rf4e5]} exf4 {[#]} 26. Bxg7 $1 Nxg7 27. Rdc1 Rfc8 28. Qxf4 Nce8 29. e5 {[%cal Be4e5,Be5f6][%mdl 32]} Rd8 $2 (29... Rxc6 30. dxc6 (30. Rxc6 Rc8 $16) 30... Qc7) 30. Qh6 f6 31. exf6 {[%mdl 64] Trapped Piece. Accuracy: White = 44%, Black = 39%.} 1-0

[Event "11th Chennai Open-GM 2019"]
[Site "Chennai"]
[Date "2019.01.18"]
[Round "1"]
[White "Tran, Tuan Minh"]
[Black "Tejes Suresh Kumar"]
[Result "1-0"]
[WhiteElo "2541"]
[BlackElo "1618"]
[Annotator "TA"]
[PlyCount "101"]
[EventDate "2019.01.18"]
[EventType "swiss"]
[EventCountry "IND"]
[SourceTitle "playchess.com"]
[Source "ChessBase"]
[SourceQuality "1"]

{[%evp 15,101,45,87,21,81,66,143,134,150,142,148,141,222,218,214,208,206,197,214,215,219,217,285,304,316,300,310,307,311,309,366,360,418,414,428,438,422,416,473,455,455,458,500,497,585,572,717,712,922,673,928,900,1019,1012,1003,987,956,950,2528,2128,2570,2403,5235,4929,2047,3427,3754,3772,2922,2915,29984,29985,29986,29987,29989,29990,29990,29991,29992,29993,29994,29995,29995,29996,29996,29997,29997,29998]} 1. c4 e5 2. g3 Nf6 3. Bg2 Nc6 4. Nc3 Bb4 5. Nd5 Bc5 6. e3 O-O 7. Ne2 Re8 8. O-O d6 {LiveBook: 6 Games} 9. h3 {A25: English Opening vs King's Indian with ...Nc6 but without early d3} (9. d4 $16 Bb6 10. b3) (9. d4 Bb6 10. Nxb6 axb6 11. d5 Ne7 12. e4 Ng6 13. Nc3 Bg4 14. Qc2 Qd7 15. a4 Bh3 16. f3 h6 {½-½ (53) Timofeev,A (2681)-Andriasian,Z (2585) Belgorod 2010}) 9... e4 (9... Nxd5 $11 10. cxd5 Ne7) 10. Nec3 $16 Bf5 (10... Bb6 $14) 11. f3 $146 {White is clearly better.} ({Predecessor:} 11. Qc2 Nxd5 12. cxd5 Nb4 13. Qb1 Qe7 14. f3 exf3 15. Qxf5 fxg2 16. Kxg2 Bb6 {1-0 (35) Corrales Ibanez,P (2105)-Montenegro Garcia,M (2000) Malaga 1997}) 11... exf3 12. Nxf6+ Qxf6 13. Qxf3 {Strongly threatening Nd5.} Bd3 (13... Ne7 $16 {was necessary.}) 14. Qxf6 $18 gxf6 15. Rf4 $1 Nb4 {[#]} 16. a3 $1 {[%cal Ra3b4]} (16. Bxb7 $6 Rab8 $16) (16. Rxf6 Nc2 $11) 16... Nc2 {[#]} 17. Ra2 $1 c6 18. b4 Bd4 19. Rxc2 ({Weaker is} 19. exd4 Re1+ 20. Kh2 Rxc1 $16) 19... Bxe3+ 20. dxe3 Bxc2 21. Be4 ({Don't do} 21. Rxf6 Re6 $18) 21... Bb3 22. Rg4+ ({Don't take} 22. Rxf6 $6 Bxc4 23. Rxd6 Rad8 $18) 22... Kf8 23. Bxh7 d5 24. cxd5 cxd5 25. Kf2 Ke7 26. Bf5 a6 27. Bb2 Rh8 28. h4 Rh5 29. Rf4 b5 30. Ne2 a5 31. bxa5 Rxa5 32. Bc3 Ra7 33. Nd4 {[%mdl 64] Double Attack} Ke8 34. Nxb3 Rxa3 35. Bc2 d4 36. Rxd4 Rc5 37. Re4+ {[%mdl 64] Discovered Attack} Kd8 38. Bxf6+ Kc8 39. Nxc5 Ra2 40. Re8+ Kc7 41. Be5+ Kb6 42. Nd7+ Kc6 43. Nb8+ {White mates.} Kb7 44. Re7+ Kc8 45. Rc7+ Kxb8 46. h5 b4 47. h6 b3 48. h7 {[%cal Rh7h8]} Rxc2+ 49. Rxc2+ Kb7 50. Rc7+ {[%mdl 64] Double Attack} Kb6 51. h8=Q {Accuracy: White = 80%, Black = 19%.} 1-0

[Event "11th Chennai Open-GM 2019"]
[Site "Chennai"]
[Date "2019.01.18"]
[Round "1"]
[White "Karthik Venkataraman"]
[Black "Chirag Mudraje"]
[Result "1-0"]
[WhiteElo "2515"]
[BlackElo "1600"]
[Annotator "TA"]
[PlyCount "143"]
[EventDate "2019.01.18"]
[EventType "swiss"]
[EventCountry "IND"]
[SourceTitle "playchess.com"]
[Source "ChessBase"]
[SourceQuality "1"]

{[%evp 18,143,33,5,22,0,39,39,94,101,97,67,83,70,83,60,61,65,60,61,77,69,99,108,110,105,97,106,118,117,146,158,388,92,157,94,235,158,160,145,143,154,175,164,154,138,129,129,129,109,176,95,180,77,89,79,85,97,104,89,100,99,117,123,123,125,135,0,111,104,115,108,114,103,109,112,114,103,156,156,156,156,169,97,206,207,207,206,316,281,629,629,629,629,596,589,581,574,558,550,683,382,235,251,350,176,1978,906,1918,1785,29957,1550,29970,29971,29968,29970,29966,29954,29974,29974,29972,29974,29978,29978,29978,29979,29977,29972]} 1. e4 c5 2. Nf3 d6 3. d4 cxd4 4. Nxd4 Nf6 5. Nc3 g6 6. Be3 Bg7 7. Be2 Nc6 8. Qd2 Ng4 9. Bxg4 Bxg4 10. f3 {LiveBook: 13 Games} Be6 {B72: Sicilian Dragon: 6 Be3, lines with h3+Bc4 and sidelines} (10... Bd7 11. h4 Ne5 12. b3 Rc8 13. h5 gxh5 14. Rxh5 Qa5 15. Nd5 Qxd2+ 16. Kxd2 e6 17. Nf4 Ng6 18. Nd3 {1-0 (48) Vachier Lagrave,M (2796)-Jones,G (2665) chess.com INT 2017}) 11. h4 $146 ({Predecessor:} 11. Nxe6 fxe6 12. Bh6 Bxc3 13. Qxc3 Qa5 14. Qxa5 Nxa5 15. O-O-O Kf7 16. h4 Rhg8 17. b3 b5 18. Kb2 {0-1 (48) Hansen,M (2224)-Lund,S (2388) Helsingor 2011}) 11... Ne5 12. b3 $1 a5 (12... Qa5 $14) 13. a4 $16 h5 14. O-O O-O 15. Rad1 Rc8 16. Rfe1 Bf6 17. Bf2 Nc6 18. Nce2 Kh7 19. Nb5 Qd7 20. Nf4 Nb4 21. c4 Qd8 22. Nc3 Re8 23. Re2 Qc7 24. Nb5 Qd8 $2 (24... Qd7 $16 25. Bb6 Nc6) 25. Qe1 $2 (25. Nxe6 $18 fxe6 26. e5 $1 {[%mdl 512]} Bxe5 27. Rxe5 $1 {[%mdl 576] Clearance} dxe5 28. Qe2) 25... Be5 (25... Bd7 $142) 26. Be3 (26. Nxe6 $142 fxe6 27. g3) 26... Na6 (26... Bd7 $16) 27. Nd3 Bg7 28. Qf2 Rc6 29. Na7 Qa8 30. Nxc6 bxc6 31. Ree1 Rb8 32. Rb1 Nb4 33. Nf4 Rb7 (33... Bd7 $16) 34. Red1 (34. Nxe6 $18 fxe6 35. Qe2) 34... c5 (34... Bc8 $16 35. Qd2 c5) 35. Nd5 (35. Nxe6 $18 fxe6 36. g4) 35... Nxd5 36. cxd5 Bd7 37. Qc2 Qb8 38. Bd2 Qa7 {White should prevent ...c4+.} 39. Kh1 Bf6 40. Be1 Kg7 41. Bc3 Rb6 42. Be1 ({Better is} 42. Kh2 $16) 42... Kh7 (42... Rb7 $1 $11) 43. g3 Kg8 44. Kg2 Bd4 45. Bd2 Bg7 46. Re1 Qa8 47. Bg5 Bf6 (47... Qb8 $142) 48. Bxf6 exf6 49. Qc3 Kg7 50. f4 (50. Rbd1 $18) 50... Qb8 (50... Qb7 $16 {might work better.}) 51. e5 $18 Qb7 52. exf6+ Kh7 (52... Kg8 {was necessary.} 53. Qd2 (53. Qxa5 Qxd5+ 54. Kh2 Qf5 $16) 53... Rxb3 54. Rxb3 (54. Qxa5 {is a self mate.} Qxd5+ 55. Kh2 Bc6 56. Re8+ Kh7 57. Rh8+ Kxh8 58. Rg1 Rb2+ 59. Kh3 Bd7+ 60. f5 Bxf5+ 61. g4 hxg4+ 62. Kg3 Qf3#) 54... Qxb3) 53. Qd2 {Hoping for Re7.} Rxb3 $2 (53... Be6 54. Kf2 Qxd5 55. Qxd5 (55. Qxa5 Rb4 $17) 55... Bxd5) 54. Rxb3 Qxb3 {[%mdl 4096] Endgame KQR-KQB} 55. Re7 {[%mdl 64] Double Attack} Bg4 56. Rxf7+ Kg8 57. Rg7+ Kf8 58. f5 gxf5 59. Re7 {White threatens Qh6+ and mate.} f4 60. Qxf4 Qxd5+ 61. Kg1 (61. Kf2 $142 {White wants to mate with Qh6+.} Qa2+ 62. Kg1 Qb1+ 63. Kg2 Qb2+ 64. Qf2 Bf3+ 65. Kg1) 61... Qd4+ $2 (61... Qd1+ 62. Kg2 Qd5+ 63. Kf2 Qa2+ 64. Kg1 Qa1+ 65. Kg2 Qb2+ 66. Qf2 Qb3) 62. Qxd4 cxd4 {KR-KB} 63. Re4 d3 {[#]} 64. Rd4 (64. Rxg4 $142 $1 {[%mdl 512]} hxg4 65. Kf2 Kf7 66. Ke3 Kxf6 67. Kxd3 Ke5 68. Ke3 d5 69. Kd3) 64... Bf5 65. Rxd6 {White mates.} Kf7 66. Kf2 Be6 67. Ke3 Kxf6 68. Kxd3 Ke5 69. Ra6 Kf5 70. Rxa5+ Kg4 71. Rg5+ Kf3 72. a5 {Accuracy: White = 56%, Black = 30%.} 1-0

[Event "11th Chennai Open-GM 2019"]
[Site "Chennai"]
[Date "2019.01.18"]
[Round "1"]
[White "Deviatkin, Andrei"]
[Black "Antony Jesumarian Leslie"]
[Result "1-0"]
[WhiteElo "2461"]
[BlackElo "1585"]
[Annotator "TA"]
[PlyCount "91"]
[EventDate "2019.01.18"]
[EventType "swiss"]
[EventCountry "IND"]
[SourceTitle "playchess.com"]
[Source "ChessBase"]
[SourceQuality "1"]

{[%evp 19,90,-20,1,0,0,0,0,0,0,0,0,0,0,-8,0,0,0,0,29,28,29,-17,23,23,27,27,43,28,68,36,36,40,68,68,68,71,68,68,148,148,127,135,139,131,109,121,244,231,221,227,331,312,691,622,838,816,732,564,1062,1049,949,858,858,783,2132,1949,29986,29987,29985,29986,29994,29995,29999]} 1. e4 e5 2. Nf3 Nc6 3. Bb5 a6 4. Bxc6 dxc6 5. O-O Bg4 6. h3 h5 7. d3 Qf6 8. Be3 Bxf3 9. Qxf3 Qxf3 10. gxf3 O-O-O {LiveBook: 3 Games. C68: Ruy Lopez: Exchange Variation, sidelines} (10... Bd6 11. Nd2 Ne7 12. Rfb1 Ng6 13. Kf1 c5 14. Nc4 Be7 15. a3 a5 16. b4 axb4 17. axb4 Rxa1 18. Rxa1 cxb4 19. Ra8+ Bd8 20. Na5 b6 {½-½ (40) Solak,D (2641)-Ding,L (2783) Khanty-Mansiysk 2017}) 11. Nd2 Bd6 12. Rfb1 Ne7 {The position is equal.} 13. b4 f6 14. Kf1 g5 15. Ke2 $146 ({Predecessor:} 15. c4 Ng6 16. b5 cxb5 17. cxb5 a5 18. Nc4 b6 {0-1 (48) Korning,P (2080)-Press,H (1892) Gibraltar 2017}) 15... Ng6 16. a4 b6 17. a5 b5 18. c3 {[%cal Bc2c3,Bc3c4,Bc4c5][%mdl 32]} Nf4+ (18... h4 {looks sharper.} 19. Rg1 Nf8 20. Nb3 Ne6 21. d4 Kb7) 19. Bxf4 $1 gxf4 20. c4 Kb7 21. c5 Be7 22. Nb3 Rhg8 23. Rg1 Rg5 24. Rad1 Rdg8 $1 25. Rxg5 (25. Rh1 {is interesting.} h4 26. d4 Kc8 27. Nc1 Bf8 28. Nd3) 25... Rxg5 $14 {[%mdl 4096] Endgame KRB-KRN} 26. d4 Kc8 27. Nc1 h4 28. Nd3 Kb7 (28... Bf8 $1 $14) 29. Kf1 $1 $16 Kc8 30. Ne1 $1 Bf8 31. Ng2 Rh5 32. Ke2 Bh6 (32... Bg7 $16 {was necessary.}) 33. Rg1 $1 $18 Kd7 {[#]} 34. Ne1 $1 Rg5 {[#]} (34... Bf8 $142 35. dxe5 fxe5) 35. Rg4 $1 Rxg4 $2 (35... Ke8 36. Rxh4 Rg6) 36. fxg4 {KB-KN} Ke6 37. Nf3 exd4 38. Nxd4+ Ke5 39. Kd3 Bg5 40. Nxc6+ Ke6 41. Nd4+ Ke5 {[#]} 42. Nxb5 $1 {[%mdl 576] Promotion} axb5 43. a6 {White mates.} f3 44. a7 c6 45. a8=Q Kf4 46. Qb8# {Accuracy: White = 89%, Black = 38%.} 1-0

[Event "11th Chennai Open-GM 2019"]
[Site "Chennai"]
[Date "2019.01.18"]
[Round "1"]
[White "Khusenkhojaev, Muhammad"]
[Black "Harsh Suresh"]
[Result "1-0"]
[WhiteElo "2455"]
[BlackElo "1575"]
[Annotator "TA"]
[PlyCount "77"]
[EventDate "2019.01.18"]
[EventType "swiss"]
[EventCountry "IND"]
[SourceTitle "playchess.com"]
[Source "ChessBase"]
[SourceQuality "1"]

{[%evp 20,77,17,14,39,35,30,22,25,29,94,91,114,97,118,48,32,48,49,52,68,68,89,52,77,72,186,187,175,95,185,177,185,169,304,311,491,481,562,374,548,537,600,614,597,599,739,740,752,742,800,768,842,822,912,925,855,843,968,890]} 1. Nf3 Nf6 2. c4 e6 3. g3 b6 4. Bg2 Bb7 5. O-O Be7 6. Nc3 O-O 7. Re1 d5 8. cxd5 exd5 9. d4 Nbd7 10. Bf4 Nh5 {E17: Queen's Indian: 4 g3 Bb7 5 Bg2 Be7} 11. Be3 {LiveBook: 8 Games} Rc8 $146 ({Predecessor:} 11... Nhf6 12. Qc1 c6 13. Bf4 Nh5 14. Bd2 Nhf6 15. Bf4 {½-½ (15) Lputian,S (2633)-Azarov,S (2586) Kemer 2007}) 12. a3 Nhf6 {White is slightly better.} 13. Rc1 a6 14. Ne5 Nxe5 (14... Bd6 $11 {remains equal.}) 15. dxe5 $16 Ng4 {[#]} 16. Bf4 $1 {Black must now prevent e4.} (16. Bxd5 $6 Nxe3 17. fxe3 c6 $11) (16. Nxd5 $6 Bxd5 17. Qxd5 Qxd5 $11) 16... g5 {[#]} 17. e4 (17. e3 $1 $16) 17... Nxf2 $14 18. Kxf2 {Be3 is the strong threat.} gxf4 19. exd5 Bc5+ 20. Kf1 Be3 21. Qg4+ Kh8 {And now ...Rg8 would win.} 22. Qf5 {White threatens Be4! and mate.} Rg8 {[#]} (22... f6 $16 {was called for.}) 23. Be4 $1 $18 {[%csl Ge4][%cal Rf5h7][%mdl 512]} Rg7 24. Rc2 (24. Rxe3 $18 fxe3 25. d6) 24... Qg5 (24... a5 $16) 25. d6 $36 {[%mdl 2048] Keeping Black busy.} Qxf5 26. Bxf5 Rcg8 (26... cxd6 $142 27. Bxc8 (27. exd6 Rd8 $14) 27... Bxc8) 27. dxc7 Bc5 (27... Rg5 $142) 28. Ne4 a5 29. c8=Q Rxc8 (29... Bxc8 {was worth a try.} 30. Bxc8 Rxc8) 30. Bxc8 {White is clearly winning.} Bxc8 31. Nxc5 bxc5 32. Rxc5 {[%mdl 4096] Endgame KRR-KRB} Ba6+ 33. Kf2 fxg3+ 34. hxg3 Rg5 35. Rxa5 Rf5+ 36. Ke3 Bb7 37. Kd4 Rf2 38. b4 Kg7 39. e6 {Precision: White = 65%, Black = 26%.} 1-0